[Event "Novosibirsk op"]
[Site "Novosibirsk"]
[Date "2010.06.11"]
[Round "8"]
[White "Volkov, Petr"]
[Black "Beljdy, Alexander"]
[Result "1/2-1/2"]
[WhiteElo "2065"]
[BlackElo "1922"]
[PlyCount "98"]
[EventDate "2010.06.03"]
[EventType "swiss"]
[EventRounds "9"]
[EventCountry "RUS"]
[SourceTitle "CBM 136 Extra"]
[Source "ChessBase"]
[SourceDate "2010.07.02"]
[SourceVersion "2"]
[SourceVersionDate "2010.07.15"]
[SourceQuality "1"]

1. e4 e6 2. d4 d5 3. Nc3 dxe4 4. Nxe4 Be7 5. Nf3 Nf6 6. Bd3 Nbd7 7. Qe2 0-0 8. Bd2 Re8 9. 0-0-0 Nxe4 10. Qxe4 Nf8 11. h4 Qd5 12. c4 Qxe4 13. Bxe4 c5 14. Be3 Nd7 15. Ne5 Nxe5 16. dxe5 Rb8 17. g3 f5 18. Bg2 g6 19. f4 h6 20. Rd2 h5 21. Rhd1 Kf8 22. Rd3 Kf7 23. Rb3 b6 24. Bc6 Rf8 25. Ra3 Bb7 26. Bb5 a5 27. Rad3 Rfd8 28. Bd7 Be4 29. R3d2 Bf3 30. Rf1 Be4 31. Rff2 Rb7 32. Bb5 Rbb8 33. a3 Ra8 34. b3 Rab8 35. Kb2 Rbc8 36. Rxd8 Rxd8 37. Rd2 Rxd2+ 38. Bxd2 Bf8 39. Be3 Bf3 40. b4 axb4 41. axb4 Bd1 42. Ka3 Be7 43. Ba4 Bf3 44. Bb5 Bd1 45. Bd2 Bf8 46. Kb2 Be7 47. Kc3 Bf8 48. Kd3 Be7 49. Be1 Bf8 1/2-1/2

[Event "Novosibirsk op"]
[Site "Novosibirsk"]
[Date "2010.06.06"]
[Round "3"]
[White "Musurmankulova, Zauresh"]
[Black "Beljdy, Alexander"]
[Result "0-1"]
[WhiteElo "1575"]
[BlackElo "1922"]
[PlyCount "90"]
[EventDate "2010.06.03"]
[EventType "swiss"]
[EventRounds "9"]
[EventCountry "RUS"]
[SourceTitle "CBM 136 Extra"]
[Source "ChessBase"]
[SourceDate "2010.07.02"]
[SourceVersion "2"]
[SourceVersionDate "2010.07.15"]
[SourceQuality "1"]

1. e4 c5 2. Nf3 Nf6 3. Nc3 Nc6 4. d4 cxd4 5. Nxd4 d6 6. Be2 a6 7. Be3 Qc7 8. 0-0 e6 9. Qd2 Be7 10. f4 b5 11. a3 Bb7 12. Bf3 Nxd4 13. Bxd4 e5 14. fxe5 dxe5 15. Be3 Rc8 16. Qf2 0-0 17. Rad1 Qc4 18. h3 Nxe4 19. Nxe4 Bxe4 20. Bxe4 Qxe4 21. Rc1 f6 22. Qd2 Rfd8 23. Qf2 Rd7 24. Rfe1 Qg6 25. Qe2 Rdc7 26. c3 Rc4 27. Qf3 R4c7 28. Rcd1 Qf7 29. Qg3 Bf8 30. Rf1 Qe6 31. Rf3 g6 32. Rdf1 Bg7 33. Qf2 f5 34. Re1 Rd7 35. Qe2 Qb3 36. Bf2 Rcd8 37. Bb6 Rd2 38. Qf1 R8d7 39. Rf2 Qxb2 40. Rxd2 Rxd2 41. Ba5 Qxa3 42. Bb4 Qa2 43. Ra1 Rxg2+ 44. Qxg2 Qxa1+ 45. Kh2 e4 0-1